Footballeur par coupe de cheveux - Statistiques

Statistiques générales
  • Ce quiz a été pris 957 fois
  • Le résultat moyen est 8 sur 16
Statistiques - réponses
Par images Réponse % Correct
Mbappe
91%
Camavinga
84%
Zidane
83%
Griezmann
75%
Iniesta
68%
Martinez
61%
Tchouameni
59%
Payet
57%
Sancho
52%
Lloris
43%
Rodrygo
38%
Muller
28%
Gignac
12%
Donnarumma
6%
Skriniar
6%
Aguero
3%
Aucun quiz correspondant
Distribution des résultats
% des personnes avec chaque résultat
Percentile par nombre de réponses
Votre historique - résultats
Vous n’avez pas pris ce quiz